000
00267nam a2200109Ia 4500
001
588792
005
20250717120837.0
008
250717s9999 xx 000 0 und d
245
0
_a
V-13 ÇAKA BEY
_c
İSMAİL BİLGİN
260
_b
TİMAŞ YAYINLARI
_c
2018
300
_b
92
999
_c
588792
_d
588792